[Event "Pont Major Gerunda op 1st"]
[Site "Pont Major"]
[Date "2016.04.22"]
[Round "3"]
[White "Parals Marce, Luis"]
[Black "Fajula Farres, Baldiri"]
[Result "1-0"]
[WhiteElo "2062"]
[BlackElo "2001"]
[PlyCount "70"]
[EventDate "2016.04.08"]
[EventType "swiss"]
[EventRounds "9"]
[EventCountry "ESP"]
[SourceTitle "EXT 2017"]
[Source "ChessBase"]
[SourceDate "2016.10.25"]
[SourceVersion "1"]
[SourceVersionDate "2016.10.25"]
[SourceQuality "1"]

1. d4 Nf6 2. Bf4 g6 3. e3 Bg7 4. Nf3 d6 5. Be2 Nh5 6. Bg5 c5 7. c3 Nd7 8. Nbd2 Nhf6 9. 0-0 b6 10. a4 Bb7 11. a5 0-0 12. axb6 axb6 13. Qb3 Qc7 14. Bc4 d5 15. Bb5 c4 16. Qb4 h6 17. Bf4 Qd8 18. Rxa8 Qxa8 19. Bxd7 Nxd7 20. Qxe7 Nf6 21. Qd6 Qa6 22. Bxh6 Bxh6 23. Qxf6 Bg7 24. Qe7 b5 25. Ne5 Bf6 26. Qc7 Bd8 27. Qd7 Kg7 28. Ndf3 Bf6 29. h4 Bc8 30. Qxd5 Be6 31. Qe4 Qd6 32. Qf4 Qd8 33. Ra1 Bxe5 34. Qxe5+ Kg8 35. Ng5 Bd5 1-0